000 00434nam a2200169Ia 4500
008 230524s9999 xx 000 0 und d
020 _a978812242832
082 _a658.166
_bNAG
100 _aK.Nagarajan
245 0 _aProject Management (Free Six Sigma Project Management )
250 _aIST
260 _aNEW DELHI
_bNew Age
_c2010
300 _aXXI;665
500 _aQuantity Number: 25
650 _aManagement
942 _cBK
999 _c45677
_d45677